Normal view
MARC view
- Campbell V.C
Entry Personal Name
001 - CONTROL NUMBER
- control field: 108428
003 - CONTROL NUMBER IDENTIFIER
- control field: NUST
005 - DATE AND TIME OF LATEST TRANSACTION
- control field: 20230201153603.0
008 - FIXED-LENGTH DATA ELEMENTS
- fixed length control field: 230201|| aca||aabn | a|a d
040 ## - CATALOGING SOURCE
- Original cataloging agency: NUST
- Transcribing agency: NUST
100 ## - HEADING--PERSONAL NAME
- Personal name: Campbell V.C
670 ## - SOURCE DATA FOUND
- Source citation: Work cat.: (NUST)187081: Campbell V.C, My Myters ships /, 1932
